000 00218nam a22000857a 4500
008 160715b xxu||||| |||| 00| 0 eng d
100 _92896
_a Pruitt, J
245 _aLooking for Horizon
260 _aTennesse
_b Broadman
_c1980
999 _c2461
_d2461